000 00309nam a2200121Ia 4500
100 _aWeller/ E.J./ Haavistom
942 _cBK
654 _aMaching Processes
245 _aNon traditional Maching Processes
260 _bSociety of Manufacturing Engineers
_aDearborn
_c1984
546 _aENGLISH
999 _c26058
_d26058